Blackpink Songs by English Lyrics - Statistics

General Stats
  • This quiz has been taken 975 times
  • The average score is 10 of 19
Answer Stats
Hint Answer % Correct
"Click clack, bada bing, bada boom" Boombayah
81%
"Pedal, we go two-zero-five" Shut Down
71%
"I could die in this moment" Forever Young
70%
"No diamond rings, that set in stone/to the left but I left alone" Lovesick Girls
67%
"Come a little closer 'cause your looking thirsty" Ice Cream
65%
"Got me all messed up/this love is my favorite" Kill This Love
62%
"I bring money to the table not your dinner" Typa Girl
60%
"Uh, imma fall in love, baby/You finna catch me, uh" As If It's Your Last
53%
"Diamonds shining, drive in silence/I don't mind it I'm ridin'" Pink Venom
53%
"So don't play with me, boy" Playing with Fire
51%
"This beat got me feelin' like" Whistle
51%
"Ah-yeah, ah-yeah, ah-yeah, ah-yeah" Ddu-Ddu-Ddu-Ddu
49%
"See me making waves and you don't like that/Driving through your puddles goin' splish splash, splish, splash, splish, splash" Love to Hate Me
47%
"I'm super psycho, make you crazy when I turn the lights low" Sour Candy
46%
"Don't apologize for my behavior/If you're offending, I don't care" Tally
45%
"Got 'em blind, can't find me, I'm outta sight" Pretty Savage
41%
"Your girl need it all and that's a hunnid" How You Like That
39%
"I've been known to kiss and tell/Send girls to wishing wells" Crazy over You
38%
"Got no time for no itty-bitty parties/See the numbers and its already charted" The Girls
37%
No matching quizzes found
Score Distribution
Percent of People with Each Score
Percentile by Number Answered
Your Score History
You have not taken this quiz